000 00966nam0a22002411 4500
001 rc\1103150
005 20041126174101.9
035 _a(NLR Aleph) 006348300
090 _a4774084
_c4774084
100 _a20041126d1982 u |0rusy50 ca
101 0 _arus
102 _aRU
105 _ay |||||||||
200 1 _aДружба и братство навеки
_e(Обзор. рец. на материалы обл. орг. о-ва "Знание" к 250-летию присоединения Казахстана к России)
210 _aАлма-Ата
_cО-во "Знание" КазССР
_d1982
215 _a15 с.
_d20
300 _aВ надзаг.: О-во "Знание" КазССР, Науч.-метод. совет по пропаганде ист. знаний
700 1 _aАблакова
_bР. Г.
_gРахиля Гиреевна
801 0 _aRU
_bNLR
_gpsbo
801 1 _aRU
_bELAR
_2rusmarc
852 _aNLR
_j82-4/27185
942 _cBOOK
980 _aNB